<?xml version="1.0" encoding="UTF-8"?>
<collection xmlns="http://www.loc.gov/MARC21/slim">
 <record>
  <leader>02472aam a22003138a 4500</leader>
  <controlfield tag="001">NCT_16714</controlfield>
  <controlfield tag="008">150714s2015                  ||||||viesd</controlfield>
  <datafield tag="999" ind1=" " ind2=" ">
   <subfield code="c">789</subfield>
   <subfield code="d">789</subfield>
  </datafield>
  <datafield tag="020" ind1=" " ind2=" ">
   <subfield code="a">9786047334513</subfield>
   <subfield code="c">40000</subfield>
  </datafield>
  <datafield tag="082" ind1="0" ind2="4">
   <subfield code="2">23rd ed.</subfield>
   <subfield code="a">641.453075</subfield>
   <subfield code="b">B302</subfield>
  </datafield>
  <datafield tag="100" ind1="1" ind2=" ">
   <subfield code="a">Nguyễn Huy Bích</subfield>
   <subfield code="e">Chủ biên</subfield>
  </datafield>
  <datafield tag="245" ind1="1" ind2="0">
   <subfield code="a">Giáo trình kỹ thuật lạnh thực phẩm</subfield>
   <subfield code="c">Nguyễn Huy Bích (chủ biên), Nguyễn Thị Hoài Thu</subfield>
  </datafield>
  <datafield tag="260" ind1=" " ind2=" ">
   <subfield code="a">Tp. Hồ Chí Minh</subfield>
   <subfield code="b">Nxb. Đại học Quốc gia Tp. Hồ Chí Minh</subfield>
   <subfield code="c">2015</subfield>
  </datafield>
  <datafield tag="300" ind1=" " ind2=" ">
   <subfield code="a">159tr.</subfield>
   <subfield code="b">minh hoạ</subfield>
   <subfield code="c">24cm</subfield>
  </datafield>
  <datafield tag="520" ind1="3" ind2=" ">
   <subfield code="a">Trình bày cách thiết kế kho lạnh thực phẩm, kỹ thuật làm lạnh và bảo quản lạnh thực phẩm, kỹ thuật lạnh đông và bảo quản lạnh đông thực phẩm</subfield>
  </datafield>
  <datafield tag="653" ind1=" " ind2=" ">
   <subfield code="a">Công nghệ thực phẩm</subfield>
  </datafield>
  <datafield tag="655" ind1=" " ind2="7">
   <subfield code="a">Giáo trình</subfield>
  </datafield>
  <datafield tag="700" ind1="1" ind2=" ">
   <subfield code="a">Nguyễn Thị Hoài Thu</subfield>
  </datafield>
  <datafield tag="942" ind1=" " ind2=" ">
   <subfield code="2">ddc</subfield>
   <subfield code="c">BK</subfield>
  </datafield>
  <datafield tag="952" ind1=" " ind2=" ">
   <subfield code="0">0</subfield>
   <subfield code="1">0</subfield>
   <subfield code="2">ddc</subfield>
   <subfield code="4">0</subfield>
   <subfield code="6">641_453075000000000_B302</subfield>
   <subfield code="7">0</subfield>
   <subfield code="9">3038</subfield>
   <subfield code="a">000001</subfield>
   <subfield code="b">000001</subfield>
   <subfield code="d">2017-11-09</subfield>
   <subfield code="o">641.453075 B302</subfield>
   <subfield code="p">MD.07870</subfield>
   <subfield code="r">2017-11-09</subfield>
   <subfield code="v">40000.00</subfield>
   <subfield code="w">2017-11-09</subfield>
   <subfield code="y">BK</subfield>
  </datafield>
  <datafield tag="952" ind1=" " ind2=" ">
   <subfield code="0">0</subfield>
   <subfield code="1">0</subfield>
   <subfield code="2">ddc</subfield>
   <subfield code="4">0</subfield>
   <subfield code="6">641_453075000000000_B302</subfield>
   <subfield code="7">0</subfield>
   <subfield code="9">3039</subfield>
   <subfield code="a">000001</subfield>
   <subfield code="b">000001</subfield>
   <subfield code="d">2017-11-09</subfield>
   <subfield code="l">1</subfield>
   <subfield code="o">641.453075 B302</subfield>
   <subfield code="p">MD.07871</subfield>
   <subfield code="r">2018-05-03</subfield>
   <subfield code="s">2018-04-18</subfield>
   <subfield code="v">40000.00</subfield>
   <subfield code="w">2017-11-09</subfield>
   <subfield code="y">BK</subfield>
  </datafield>
  <datafield tag="952" ind1=" " ind2=" ">
   <subfield code="0">0</subfield>
   <subfield code="1">0</subfield>
   <subfield code="2">ddc</subfield>
   <subfield code="4">0</subfield>
   <subfield code="6">641_453075000000000_B302</subfield>
   <subfield code="7">0</subfield>
   <subfield code="9">3040</subfield>
   <subfield code="a">000001</subfield>
   <subfield code="b">000001</subfield>
   <subfield code="d">2017-11-09</subfield>
   <subfield code="l">1</subfield>
   <subfield code="o">641.453075 B302</subfield>
   <subfield code="p">MD.07872</subfield>
   <subfield code="r">2019-11-11</subfield>
   <subfield code="s">2019-10-28</subfield>
   <subfield code="v">40000.00</subfield>
   <subfield code="w">2017-11-09</subfield>
   <subfield code="y">BK</subfield>
  </datafield>
  <datafield tag="952" ind1=" " ind2=" ">
   <subfield code="0">0</subfield>
   <subfield code="1">0</subfield>
   <subfield code="2">ddc</subfield>
   <subfield code="4">0</subfield>
   <subfield code="6">641_453075000000000_B302</subfield>
   <subfield code="7">0</subfield>
   <subfield code="9">3041</subfield>
   <subfield code="a">000001</subfield>
   <subfield code="b">000001</subfield>
   <subfield code="d">2017-11-09</subfield>
   <subfield code="o">641.453075 B302</subfield>
   <subfield code="p">MD.07873</subfield>
   <subfield code="r">2017-11-09</subfield>
   <subfield code="v">40000.00</subfield>
   <subfield code="w">2017-11-09</subfield>
   <subfield code="y">BK</subfield>
  </datafield>
  <datafield tag="952" ind1=" " ind2=" ">
   <subfield code="0">0</subfield>
   <subfield code="1">0</subfield>
   <subfield code="2">ddc</subfield>
   <subfield code="4">0</subfield>
   <subfield code="6">641_453075000000000_B302</subfield>
   <subfield code="7">0</subfield>
   <subfield code="9">3042</subfield>
   <subfield code="a">000001</subfield>
   <subfield code="b">000001</subfield>
   <subfield code="d">2017-11-09</subfield>
   <subfield code="l">2</subfield>
   <subfield code="m">1</subfield>
   <subfield code="o">641.453075 B302</subfield>
   <subfield code="p">MD.07874</subfield>
   <subfield code="r">2020-08-28</subfield>
   <subfield code="s">2020-08-14</subfield>
   <subfield code="v">40000.00</subfield>
   <subfield code="w">2017-11-09</subfield>
   <subfield code="y">BK</subfield>
  </datafield>
  <datafield tag="952" ind1=" " ind2=" ">
   <subfield code="0">0</subfield>
   <subfield code="1">0</subfield>
   <subfield code="2">ddc</subfield>
   <subfield code="4">0</subfield>
   <subfield code="6">641_453075000000000_B302</subfield>
   <subfield code="7">0</subfield>
   <subfield code="9">3043</subfield>
   <subfield code="a">000001</subfield>
   <subfield code="b">000001</subfield>
   <subfield code="d">2017-11-09</subfield>
   <subfield code="o">641.453075 B302</subfield>
   <subfield code="p">MD.07875</subfield>
   <subfield code="r">2017-11-09</subfield>
   <subfield code="v">40000.00</subfield>
   <subfield code="w">2017-11-09</subfield>
   <subfield code="y">BK</subfield>
  </datafield>
  <datafield tag="952" ind1=" " ind2=" ">
   <subfield code="0">0</subfield>
   <subfield code="1">0</subfield>
   <subfield code="2">ddc</subfield>
   <subfield code="4">0</subfield>
   <subfield code="6">641_453075000000000_B302</subfield>
   <subfield code="7">0</subfield>
   <subfield code="9">3044</subfield>
   <subfield code="a">000001</subfield>
   <subfield code="b">000001</subfield>
   <subfield code="d">2017-11-09</subfield>
   <subfield code="l">1</subfield>
   <subfield code="o">641.453075 B302</subfield>
   <subfield code="p">MD.07876</subfield>
   <subfield code="r">2018-05-03</subfield>
   <subfield code="s">2018-04-18</subfield>
   <subfield code="v">40000.00</subfield>
   <subfield code="w">2017-11-09</subfield>
   <subfield code="y">BK</subfield>
  </datafield>
  <datafield tag="952" ind1=" " ind2=" ">
   <subfield code="0">0</subfield>
   <subfield code="1">0</subfield>
   <subfield code="2">ddc</subfield>
   <subfield code="4">0</subfield>
   <subfield code="6">641_453075000000000_B302</subfield>
   <subfield code="7">0</subfield>
   <subfield code="9">3045</subfield>
   <subfield code="a">000001</subfield>
   <subfield code="b">000001</subfield>
   <subfield code="d">2017-11-09</subfield>
   <subfield code="o">641.453075 B302</subfield>
   <subfield code="p">MD.07877</subfield>
   <subfield code="r">2017-11-09</subfield>
   <subfield code="v">40000.00</subfield>
   <subfield code="w">2017-11-09</subfield>
   <subfield code="y">BK</subfield>
  </datafield>
  <datafield tag="952" ind1=" " ind2=" ">
   <subfield code="0">0</subfield>
   <subfield code="1">0</subfield>
   <subfield code="2">ddc</subfield>
   <subfield code="4">0</subfield>
   <subfield code="6">641_453075000000000_B302</subfield>
   <subfield code="7">0</subfield>
   <subfield code="9">3046</subfield>
   <subfield code="a">000001</subfield>
   <subfield code="b">000001</subfield>
   <subfield code="d">2017-11-09</subfield>
   <subfield code="o">641.453075 B302</subfield>
   <subfield code="p">MD.07878</subfield>
   <subfield code="r">2017-11-09</subfield>
   <subfield code="v">40000.00</subfield>
   <subfield code="w">2017-11-09</subfield>
   <subfield code="y">BK</subfield>
  </datafield>
  <datafield tag="980" ind1=" " ind2=" ">
   <subfield code="a">Thư viện Trường Đại học Nam Cần Thơ</subfield>
  </datafield>
 </record>
</collection>
